Thesaurus de Science Administrative : 1985 / Centre de Documentation Sciences Humaines (CDSH), Centre d'Études et de Recherches de Science Administrative (CERSA), Institut International d' Administration Publique (IIAP) 1985 / Centre de Documentation Sciences Humaines (CDSH), Centre d'Études et de Recherches de Science Administrative (CERSA), Institut International d' Administration Publique (IIAP)
MARC
| LEADER | 00000nam a2200000Ia 4500 | ||
|---|---|---|---|
| 001 | 6675 | ||
| 003 | BGR | ||
| 005 | 20260324175658.0 | ||
| 008 | 160829s1985 xx 000 0 cat d | ||
| 080 | |a A-2-21 | ||
| 110 | 2 | |a Centre de Documentation Sciences Humaines (París) |9 71125 | |
| 245 | |a Thesaurus de Science Administrative : |b 1985 / Centre de Documentation Sciences Humaines (CDSH), Centre d'Études et de Recherches de Science Administrative (CERSA), Institut International d' Administration Publique (IIAP) | ||
| 250 | |a 2ème ed. | ||
| 260 | |a Paris : |b Éditions du Centre de Documentation Sciences Humaines, |c 1985 | ||
| 300 | |a 150 p. ; |c 30 cm | ||
| 650 | |a Encapçalaments de matèria |x Administració pública |9 37621 | ||
| 650 | |a Tesaurus |9 37622 | ||
| 710 | 2 | |a Centre d'Études et de Recherches de Science Administrative |9 71126 | |
| 710 | 1 | |a Institut international d'administration publique |9 71127 | |
| 901 | |a Arxiu | ||
| 942 | |n 1 |2 udc |c MON | ||
| 952 | |0 0 |1 0 |4 0 |6 A221 |7 1 |9 47953 |a Arxiu |b Arxiu |d 2016-12-01 |l 0 |o A-2-21 |p 6675 |r 2016-12-01 00:00:00 |w 2016-12-01 |y ARXIU | ||
| 999 | |c 51754 |d 51754 | ||